| 000 | 00867nam a2200205 a 4500 | ||
|---|---|---|---|
| 008 | 100728s2008 ||||||||||||||||| || u | ||
| 020 | _a9780495112402 | ||
| 050 | _aQC 21.2 Jew | ||
| 100 | _aJewett, John W | ||
| 245 | 1 | 0 |
_aPhysics for scientists and engineers with modern physics. -- 7th ed. _cJohn W. Jewett, Raymond A. Serway |
| 250 | _a7th ed. | ||
| 260 |
_aBelmont, CA _bBrooks/Cole _c2008 |
||
| 300 | _axxxi, 1392p. [71p.]: ill. | ||
| 350 | _a0.00 | ||
| 650 | _aPHYSICS--HANDBOOKS, MANUALS, ETC | ||
| 650 | 0 | _aPHYSICS | |
| 700 | _aSerway, Raymond A | ||
| 995 |
_aSHORT LOAN BOOKS _D0.00 _e742770 _FCBU-MAIN LIBRARY (Kitwe) _H1 _I0.00 _jQC 21.2 Jew _M2 _UAVAILABLE _WMar 21, 2012 _y742770 _ZShort Loan Collection |
||
| 995 |
_aSHORT LOAN BOOKS _D0.00 _e741480 _FCBU-MAIN LIBRARY (Kitwe) _H1 _I0.00 _jQC 21.2 Jew _M1 _UAVAILABLE _WAug 26, 2010 _y741480 _ZShort Loan Collection |
||
| 999 |
_c81905 _d81905 |
||